| 000 | 00491nam a22001817a 4500 | ||
|---|---|---|---|
| 003 | OSt | ||
| 005 | 20180116183005.0 | ||
| 008 | 150805b xxu||||| |||| 00| 0 eng d | ||
| 020 | _a9781118589632 | ||
| 040 | _c0 | ||
| 082 | _a332.17 KIN 2013 | ||
| 100 | _aBrett King | ||
| 245 |
_aBank 3.0 _bWhy Banking is no longer somewhere you go, but something you do _cBrett King |
||
| 260 |
_aUnited States of America _bWiley _c2013 |
||
| 300 |
_a396 _bHB |
||
| 440 | _aBank 3.0 | ||
| 942 |
_2ddc _cBK |
||
| 999 |
_c350000 _d350000 |
||